000 00381nam a22001697a 4500
005 20260413165220.0
008 160627b xxu||||| |||| 00| 0 eng d
020 _a0-14-070722-0
041 _aeng
082 _a942.052
100 _aShakespeare, William
_92908
245 _aHenry VIII
260 _bPenguin India
_c1997
300 _a263
650 _aManagement
942 _cBK
999 _c4206
_d4205